Jo Blo's Top 25 Hotties of 2017 - Statistics

General Stats
  • This quiz has been taken 2 times
  • The average score is 5 of 25
Answer Stats
# Name % Correct
7 Alexandra Daddario
100%
10 Margot Robbie
100%
14 Chloe Grace Moretz
50%
6 Demi Lovato
50%
1 Gal Gadot
50%
19 Robyn 'Rihanna' Fenty
50%
5 Selena Gomez
50%
13 Alicia Vikander
0%
21 Arianny Celeste
0%
4 Ariel Winter
0%
12 Ashley Graham
0%
9 Bella Hadid
0%
11 Bella Thorne
0%
22 Emily Ratajkowski
0%
20 Hailee Steinfeld
0%
24 Hailey Baldwin
0%
3 Hilary Duff
0%
18 Iskra Lawrence
0%
8 Jennifer Lopez
0%
2 Katharine McPhee
0%
17 Kendall Jenner
0%
15 Kimberley Garner
0%
23 Madelaine Petsch
0%
16 Priyanka Chopra
0%
25 Sara Jean Underwood
0%
No matching quizzes found
Score Distribution
Percent of People with Each Score
Percentile by Number Answered
Your Score History
You have not taken this quiz